[Event "Challenge"]
[Site "http://www.queenalice.com/game.php?id=655267"]
[Date "2009.9.20"]
[Round "-"]
[White "Angelo"]
[Black "borisp"]
[Result "1-0"]
[WhiteElo "1887"]
[BlackElo "1869"]

1. d4 d5 2. e3 Nf6 3. c4 c6 4. Nf3 Nbd7 5. Nc3 e6 6. a3 b6 7. cxd5 exd5 8. b4 b5
9. Bd3 g6 10. O-O Bd6 11. Re1 O-O 12. Bb2 Nh5 13. e4 dxe4 14. Bxe4 Nb8 15. Nxb5
Bg4 16. Nxd6 Qxd6 17. h3 Bxf3 18. Bxf3 Nf4 19. Rc1 Qf6 20. b5 cxb5 21. Bxa8 Qg5
22. Qg4 1-0

[Event "AUTO-ADV-1382"]
[Site "http://www.queenalice.com/game.php?id=657342"]
[Date "2009.9.24"]
[Round "2"]
[White "helianthus"]
[Black "borisp"]
[Result "1-0"]
[WhiteElo "2203"]
[BlackElo "1847"]

1. e4 e5 2. Nf3 Nc6 3. Bb5 a6 4. Ba4 b5 5. Bb3 Na5 6. O-O Nxb3 7. axb3 d6 8. d4
exd4 9. Qxd4 c5 10. Qd3 Be7 11. Nc3 Bd7 12. Nd5 Nf6 13. Nxf6+ gxf6 14. Nh4 Rg8
15. Qf3 Bf8 16. Nf5 Bxf5 17. exf5 d5 18. Rd1 d4 19. Qc6+ 1-0

[Event "AUTO-ADV-1382"]
[Site "http://www.queenalice.com/game.php?id=657343"]
[Date "2009.9.24"]
[Round "2"]
[White "borisp"]
[Black "helianthus"]
[Result "0-1"]
[WhiteElo "1845"]
[BlackElo "2223"]

1. d4 d5 2. c4 c6 3. Nf3 e6 4. e3 Nf6 5. h3 Be7 6. Ne5 Nbd7 7. Nxd7 Bxd7 8. a3
dxc4 9. Bxc4 O-O 10. Qf3 c5 11. O-O Bc6 12. Qe2 cxd4 13. Rd1 Qc7 14. exd4 Rac8
15. b3 a6 16. Bg5 Rfd8 17. Bxf6 Bxf6 18. Qg4 h5 19. Qxh5 Bxd4 20. Ra2 Qg3 0-1

[Event "AUTO-ADV-1382"]
[Site "http://www.queenalice.com/game.php?id=657344"]
[Date "2009.9.24"]
[Round "2"]
[White "Tchecmaurice"]
[Black "borisp"]
[Result "1-0"]
[WhiteElo "1863"]
[BlackElo "1886"]

1. d4 d5 2. Nf3 Nc6 3. Bf4 f6 4. e3 Bg4 5. Be2 Bxf3 6. Bxf3 Qd7 7. c4 e5 8. cxd5
Nxd4 9. exd4 exf4 10. O-O O-O-O 11. Nc3 Bd6 12. a4 f5 13. Nb5 a5 14. Nxd6+ Qxd6
15. Qd2 Qb6 16. Qxf4 Ne7 17. Qe5 Rde8 18. Qxg7 h5 19. Rfe1 Qd6 20. Qe5 Qb4 21.
Rec1 Nc6 22. Qxf5+ Kb8 23. dxc6 bxc6 24. Qc5 Qxc5 25. Rxc5 Rh6 26. Rxc6 Rhe6 27.
Rxe6 Rxe6 28. Bxh5 Kb7 29. Bf7 Rd6 30. d5 c5 31. dxc6+ Kxc6 32. Rc1+ Kb6 33. h4
Rd4 34. Rc4 Rd1+ 35. Kh2 Rd2 36. b4 Rxf2 37. bxa5+ Kxa5 38. Be8 Rf8 39. Bb5 Kb6
40. h5 Rh8 41. Rc6+ Ka5 42. h6 1-0

[Event "AUTO-ADV-1382"]
[Site "http://www.queenalice.com/game.php?id=657345"]
[Date "2009.9.24"]
[Round "2"]
[White "borisp"]
[Black "Tchecmaurice"]
[Result "1-0"]
[WhiteElo "1866"]
[BlackElo "1957"]

1. e4 e6 2. d4 d5 3. e5 c5 4. c3 Nc6 5. Bb5 Bd7 6. Bxc6 Bxc6 7. g3 cxd4 8. cxd4
Bb4+ 9. Bd2 Qb6 10. Bxb4 Qxb4+ 11. Qd2 Qb6 12. a4 Nh6 13. Nf3 Qb3 14. Ng5 Bxa4
15. O-O Bb5 16. Re1 O-O 17. Re3 Qc4 18. Nc3 Nf5 19. Qc2 Nxe3 20. Qxh7# 1-0

[Event "AUTO-ADV-1552"]
[Site "http://www.queenalice.com/game.php?id=688656"]
[Date "2009.11.25"]
[Round "1"]
[White "Catamarca"]
[Black "borisp"]
[Result "0-1"]
[WhiteElo "1819"]
[BlackElo "1802"]

1. e4 e5 2. Bc4 Nc6 3. Nf3 h6 4. d3 Bc5 5. O-O d6 6. h3 Nf6 7. a3 a5 8. Nc3 Nd4
9. Nxd4 Bxd4 10. Bd2 O-O 11. Nd5 c6 12. Ne3 Bxb2 13. Ra2 Bd4 14. c3 Bxe3 15.
Bxe3 b5 16. Bb3 a4 17. Bc2 Be6 18. Rb2 d5 19. f4 exf4 20. Bxf4 d4 21. Rb4 dxc3
22. d4 Bc4 23. Rf3 Nh5 24. Bc1 Qh4 25. d5 c5 26. Rb1 Ng3 27. Be3 Be2 28. Qe1
Bxf3 29. gxf3 Qxh3 0-1

[Event "AUTO-ADV-1552"]
[Site "http://www.queenalice.com/game.php?id=688657"]
[Date "2009.11.25"]
[Round "1"]
[White "borisp"]
[Black "Catamarca"]
[Result "0-1"]
[WhiteElo "1818"]
[BlackElo "1808"]

1. e4 d6 2. d4 Nf6 3. Nc3 g6 4. h3 Bg7 5. Bc4 O-O 6. Nf3 b6 7. O-O Bb7 8. Re1
Nbd7 9. e5 dxe5 10. dxe5 Nh5 11. e6 Bxf3 12. Qxf3 fxe6 13. Bxe6+ Kh8 14. Qd3 Nc5
15. Qxd8 Raxd8 16. Nb5 Nxe6 17. Rxe6 Rd1+ 18. Kh2 Rxf2 19. Rxe7 Rff1 20. Re8+
Bf8 21. g4 Rf2# 0-1

[Event "AUTO-ADV-1552"]
[Site "http://www.queenalice.com/game.php?id=688671"]
[Date "2009.11.25"]
[Round "1"]
[White "borisp"]
[Black "leduar"]
[Result "0-1"]
[WhiteElo "1819"]
[BlackElo "1905"]

1. e4 e5 2. Nf3 Nc6 3. d4 exd4 4. Nxd4 Nxd4 5. Qxd4 c5 6. Qe5+ Qe7 7. Qxe7+ Bxe7
8. Bc4 d6 9. Nc3 Be6 10. Bb5+ Bd7 11. Bxd7+ Kxd7 12. Nd5 Bd8 13. O-O Nf6 14. Re1
Re8 15. Nxf6+ Bxf6 16. c3 g5 17. f3 d5 18. Bd2 dxe4 19. fxe4 Rad8 20. Rf1 Ke6
21. Rf2 Be7 22. Raf1 f6 23. Be3 b6 24. a4 h6 25. g4 Kf7 26. e5 Rd3 27. Rf3 c4
28. exf6 Bd6 29. R1f2 Rexe3 30. Rxe3 Rxe3 31. Kg2 Be5 32. Rf5 Bxf6 33. Kf2 Re5
34. Kf3 Rxf5+ 35. gxf5 h5 36. h3 Ke7 37. Ke4 Kd6 38. a5 bxa5 0-1

[Event "AUTO-ADV-1552"]
[Site "http://www.queenalice.com/game.php?id=688680"]
[Date "2009.11.25"]
[Round "1"]
[White "borisp"]
[Black "Tasjunior"]
[Result "1-0"]
[WhiteElo "1829"]
[BlackElo "1633"]

1. d4 d5 2. c4 c6 3. Nc3 Nf6 4. h3 e6 5. Bg5 Be7 6. Bxf6 Bxf6 7. e3 Nd7 8. c5 b6
9. b4 bxc5 10. bxc5 e5 11. Qa4 Bb7 12. Nf3 exd4 13. exd4 Qe7+ 14. Be2 O-O 15.
O-O Nxc5 16. Qb4 Ne4 17. Qxe7 Bxe7 18. Na4 Rfe8 19. Bd3 Bf6 20. Rae1 Re6 21. Nc5
Nxc5 22. dxc5 Rxe1 23. Rxe1 h6 24. a4 Bc3 25. Re7 Rb8 26. Ne5 Bxe5 27. Rxe5 Rd8
28. Re7 Bc8 29. Rxa7 Re8 30. Ra8 g6 31. Ba6 Bd7 32. Rxe8+ Bxe8 33. a5 d4 34. Kf1
Kf8 35. Bb7 1-0

[Event "AUTO-ADV-1552"]
[Site "http://www.queenalice.com/game.php?id=688681"]
[Date "2009.11.25"]
[Round "1"]
[White "Tasjunior"]
[Black "borisp"]
[Result "0-1"]
[WhiteElo "1667"]
[BlackElo "1819"]

1. d4 d5 2. Nc3 c6 3. g3 Bf5 4. e3 e6 5. Bg2 Nf6 6. Nf3 Nbd7 7. O-O Ne4 8. Nh4
Nxc3 9. bxc3 Qf6 10. Nxf5 Qxf5 11. Qd3 Qxd3 12. cxd3 Bd6 13. e4 O-O 14. e5 Be7
15. Rb1 b5 16. a4 bxa4 17. Rb7 Rfd8 18. Bf4 g5 19. Bd2 a3 20. Ra1 Kf8 21. Bc1 a5
22. Bxa3 Bxa3 23. Rxa3 a4 24. Rb4 Rdb8 25. Rbxa4 Rxa4 26. Rxa4 Rb1+ 27. Bf1 Kg7
28. c4 Kg6 29. Ra8 f6 30. exf6 Nxf6 31. Rc8 Rb6 32. f3 h5 0-1

[Event "Challenge"]
[Site "http://www.queenalice.com/game.php?id=705245"]
[Date "2009.12.29"]
[Round "-"]
[White "rdaigle2003"]
[Black "borisp"]
[Result "0-1"]
[WhiteElo "1707"]
[BlackElo "1806"]

1. e4 c5 2. Nf3 Nc6 3. d3 e5 4. Nc3 h6 5. Be3 Nf6 6. Qd2 d6 7. O-O-O a6 8. Kb1
b5 9. Nd5 Nxd5 10. exd5 Nb4 11. c4 bxc4 12. dxc4 Bf5+ 13. Bd3 Bxd3+ 14. Qxd3
Nxd3 15. Rxd3 Rb8 0-1

[Event "2do TORNEO"]
[Site "http://www.queenalice.com/game.php?id=725546"]
[Date "2010.2.4"]
[Round "2"]
[White "borisp"]
[Black "SubRoger"]
[Result "1-0"]
[WhiteElo "1837"]
[BlackElo "2040"]

1. e4 d5 2. exd5 Qxd5 3. Nc3 Qa5 4. d4 c6 5. Bc4 Nf6 6. h3 Bf5 7. Bd2 Qc7 8. Qf3
e6 9. Bd3 Bxd3 10. Qxd3 Nbd7 11. Nge2 Bd6 12. Ne4 Nxe4 13. Qxe4 Nf6 14. Qf3 O-O
15. Bg5 Be7 16. O-O Nd5 17. Bxe7 Nxe7 18. Ng3 Ng6 19. Rae1 Rad8 20. c3 Rfe8 21.
Nh5 e5 22. Qg3 Qb8 23. dxe5 Rxe5 24. Rxe5 Qxe5 25. Qxe5 Nxe5 26. Re1 Ng6 27. g3
Kf8 28. Kf1 f6 29. g4 Rd2 30. Re2 Rd3 31. Re3 Rd2 32. Re2 Rd3 33. Re3 Ne5 34.
Ke2 Rxe3+ 35. fxe3 Kf7 36. b3 c5 37. Nf4 c4 38. b4 Ke7 39. e4 Kd6 40. Nd5 Nd3
41. Ke3 Ke5 42. a4 Kd6 43. Kd4 Ne5 44. Ne3 g5 45. Nxc4+ Nxc4 46. Kxc4 Ke5 47.
Kd3 Kf4 48. c4 Kg3 49. c5 Kxh3 50. b5 Kxg4 51. c6 h5 52. cxb7 h4 53. b8=Q h3 54.
Qh2 1-0

[Event "Challenge"]
[Site "http://www.queenalice.com/game.php?id=751627"]
[Date "2010.3.25"]
[Round "-"]
[White "Sabaak_No_Gaara"]
[Black "borisp"]
[Result "1-0"]
[WhiteElo "1926"]
[BlackElo "1852"]

1. e4 e5 2. f4 exf4 3. Nf3 d6 4. Bc4 Qe7 5. O-O Bg4 6. d4 g5 7. Nc3 c6 8. Qd3 h5
9. Nxg5 Qxg5 10. Bxf4 Qg7 11. Bd2 f6 12. e5 fxe5 13. dxe5 dxe5 14. Rf7 Bc5+ 15.
Kh1 Qxf7 16. Bxf7+ Kxf7 17. Rf1+ Kg7 18. Qc4 Nf6 19. Bg5 Nbd7 20. Bxf6+ Nxf6 21.
Qxc5 Rhe8 22. Qd6 1-0

[Event "Challenge"]
[Site "http://www.queenalice.com/game.php?id=751628"]
[Date "2010.3.25"]
[Round "-"]
[White "borisp"]
[Black "Sabaak_No_Gaara"]
[Result "0-1"]
[WhiteElo "1839"]
[BlackElo "1939"]

1. e4 e5 2. Nf3 Nc6 3. Bb5 a6 4. Ba4 Nf6 5. d3 Bc5 6. c3 b5 7. Bb3 O-O 8. Bg5
Bb7 9. Nh4 Na5 10. Nd2 Nxb3 11. axb3 h6 12. Bxf6 Bxf2+ 13. Kxf2 Qxf6+ 14. Kg1
Qxh4 15. Nf3 Qf4 16. g3 Qe3+ 17. Kg2 f5 18. Re1 Qa7 19. exf5 Rxf5 20. Rf1 Raf8
21. Kh3 Bxf3 0-1

[Event "AUTO-ADV-1709"]
[Site "http://www.queenalice.com/game.php?id=754175"]
[Date "2010.3.31"]
[Round "1"]
[White "filomenos"]
[Black "borisp"]
[Result "1-0"]
[WhiteElo "1868"]
[BlackElo "1833"]

1. d4 d5 2. g3 h6 3. Bg2 Nf6 4. Nf3 Nc6 5. O-O e6 6. Bf4 Bd6 7. Bxd6 Qxd6 8. c3
e5 9. dxe5 Nxe5 10. Nbd2 O-O 11. Re1 Qb6 12. Nxe5 Qxb2 13. Qc1 Qb5 14. c4 dxc4
15. Nexc4 Qh5 16. Ne3 Bh3 17. Bxb7 Rab8 18. Bf3 Qe5 19. Ndc4 Qe7 20. Qc2 1-0

[Event "AUTO-ADV-1709"]
[Site "http://www.queenalice.com/game.php?id=754176"]
[Date "2010.3.31"]
[Round "1"]
[White "borisp"]
[Black "filomenos"]
[Result "0-1"]
[WhiteElo "1869"]
[BlackElo "1832"]

1. e4 e5 2. Nf3 d6 3. d4 exd4 4. Nxd4 g6 5. b3 Bg7 6. Bb2 Nf6 7. Nd2 O-O 8. Bd3
a6 9. O-O b5 10. h3 Bb7 11. N4f3 Re8 0-1

[Event "AUTO-ADV-1709"]
[Site "http://www.queenalice.com/game.php?id=754193"]
[Date "2010.3.31"]
[Round "1"]
[White "nenem"]
[Black "borisp"]
[Result "1-0"]
[WhiteElo "1845"]
[BlackElo "1818"]

1. e4 e5 2. Nf3 Nf6 3. d3 Bc5 4. Bg5 d6 5. Be2 h6 6. Bh4 O-O 7. Nc3 c6 8. d4
exd4 9. Nxd4 Bxd4 10. Qxd4 c5 11. Qd2 Be6 12. O-O 1-0

[Event "AUTO-ADV-1709"]
[Site "http://www.queenalice.com/game.php?id=754194"]
[Date "2010.3.31"]
[Round "1"]
[White "borisp"]
[Black "nenem"]
[Result "0-1"]
[WhiteElo "1803"]
[BlackElo "1860"]

1. e4 e5 2. Nf3 Nf6 3. d3 Bc5 4. h3 d5 5. exd5 Nxd5 6. c3 O-O 7. Be2 Nc6 8. O-O
Nf4 9. Bxf4 exf4 10. d4 Bd6 11. Nbd2 Qf6 12. Ne4 Qe7 13. Nxd6 cxd6 14. Re1 Qf6
0-1